The process engineer's pocket handbook /

Bibliographic Details
Main Author: Branan, Carl
Format: Book
Language:English
Published: Houston : Gulf Pub. Co., Book Division, [1976]
Subjects:

MARC

Tag First Indicator Second Indicator Subfields
LEADER 00000cam a2200000 i 4500
001 in00000336331
005 20151011055108.0
008 761112s1976 txua b 00110 eng
010 |a  76001680  
020 |a 0872017125 
035 |a (OCoLC)02633404 
035 |9 ABM2156AM 
040 |a DLC  |c DLC  |d TXA  |d UtOrBLW 
049 |a TXAM  |c [973591] 
050 0 0 |a TP155.7  |b .B7 
082 0 |a 660.2/8/00202 
100 1 |a Branan, Carl. 
245 1 4 |a The process engineer's pocket handbook /  |c Carl Branan. 
264 1 |a Houston :  |b Gulf Pub. Co., Book Division,  |c [1976] 
264 4 |c ©1976 
300 |a vii, 136 pages :  |b illustrations ;  |c 16 cm. 
336 |a text  |b txt  |2 rdacontent 
337 |a unmediated  |b n  |2 rdamedia 
338 |a volume  |b nc  |2 rdacarrier 
504 |a Includes bibliographical references and index. 
650 0 |a Chemical engineering  |v Handbooks, manuals, etc. 
999 |a MARS 
999 f f |s 28260033-f58e-37f4-bd27-65083dba0451  |i cb766281-5198-318b-abbb-d7ff361d8b82  |t 0 
952 f f |p normal  |a Texas A&M University  |b College Station  |c Sterling C. Evans Library  |d Evans: Library Stacks  |t 0  |e TP155.7 .B7  |h Library of Congress classification  |i unmediated -- volume  |m A14805597164 
998 f f |a TP155.7 .B7  |t 0  |l Evans: Library Stacks